| 000 | 011680000a22002650004500 | ||
|---|---|---|---|
| 003 | EG-GICUC | ||
| 005 | 20250223025450.0 | ||
| 008 | 080921s2001 ua f m 000 0 ara d | ||
| 040 |
_aEG-GICUC _bara _cEG-GICUC |
||
| 041 | 0 | _aAra | |
| 049 | _aاهداء | ||
| 097 | _aماجستير | ||
| 099 | _aCai01.02.03.M.A.2001.حم.ا | ||
| 100 | 0 | _aحمد محمد القحطانى | |
| 245 | 1 | 2 |
_aالاوضاع الاقتصادية والاجتماعية فى اقليم الحجاز (1297 - 1323هـ) (1880 - 1905م) / _cحمد محمد القحطانى ؛ اشراف عبدالرحيم عبدالرحمن عبدالرحيم |
| 246 | 1 | 5 | _aThe econmic and socil status in the Hijaz provinge 1880 - 1905AD |
| 260 |
_aالكويت : _bحمد محمد القحطانى : _c2001 |
||
| 300 |
_a214ورقة ؛ _c30سم |
||
| 502 | _aاطروحة (ماجستير) - جامعة اتكويت - كلية الدراسات العليا - قسم التاريخ | ||
| 700 | 0 |
_aعبدالرحيم عبدالرحمن عبدالرحيم : _eمشرف |
|
| 856 | _uhttp://172.23.153.220/th.pdf | ||
| 905 |
_aFatma _eCataloger |
||
| 905 |
_aNazla _eRevisor |
||
| 942 |
_2ddc _cTH |
||
| 999 |
_c13533 _d13533 |
||